000 00482cam a2200205ua 4500
020 _c5.00
041 _aeng
_h
082 _a581
_bKES/TE
100 _aKesavan Nair, K .
245 _aText book of botany /
_cK Kesavan Nair.
_hTextual Documents
250 _a1 /
_b.
260 _aChennai :
_bS.Viswanathan ,
_c1964.
300 _a279 ; .
365 _a5.00
504 _a
700 1 _aScaria, I M .
942 _cBK
999 _c9077
_d9077